书目信息 |
| 题名: |
人物水晶球
|
|
| 作者: | 时乙木 著 | |
| 分册: | ||
| 出版信息: | 武汉 武汉出版社 2009 |
|
| 页数: | 290页 | |
| 开本: | 24cm | |
| 丛书名: | ||
| 单 册: | ||
| 中图分类: | K811 , P151-49 | |
| 科图分类: | ||
| 主题词: | 历史人物--人物研究--世界 , 星座--通俗读物 | |
| 电子资源: | ||
| ISBN: | 978-7-5430-4468-5 | |
| 000 | 00711nam0 2200241 45 | |
| 001 | 1129257281 | |
| 005 | 20110420092013.50 | |
| 010 | @a978-7-5430-4468-5@dCNY28.00 | |
| 100 | @a20110416d2009 em y0chiy0110 ea | |
| 101 | 0 | @achi |
| 102 | @aCN@b420000 | |
| 105 | @ay z 000yy | |
| 106 | @ar | |
| 200 | 1 | @a人物水晶球@ARen Wu Shui Jing Qiu@e历史长河的星座玄想@ELi Shi Chang He De Xing Zuo Xuan Xiang@f时乙木著@FShi Yi Mu Zhu |
| 210 | @a武汉@c武汉出版社@d2009 | |
| 215 | @a290页@d24cm | |
| 606 | 0 | @a历史人物@x人物研究@y世界 |
| 606 | 0 | @a星座@j通俗读物 |
| 690 | @aK811@v4 | |
| 690 | @aP151-49@v4 | |
| 701 | 0 | @a时乙木@AShi Yi Mu@4著 |
| 801 | 0 | @aCN@bTANGWEI@c20110420 |
| 905 | @b0537753-57@dK811@e37@f5 | |
| 人物水晶球:历史长河的星座玄想/时乙木著.-武汉:武汉出版社,2009 |
| 290页;24cm |
| ISBN 978-7-5430-4468-5:CNY28.00 |
| ● |
| 相关链接 |
|
|
|
|
正题名:人物水晶球
索取号:K811/37
 
预约/预借
| 序号 | 登录号 | 条形码 | 馆藏地/架位号 | 状态 | 备注 |
| 1 | 0537753 | 205377536 | 第二样本阅览室/ [索取号:K811/37] | 在馆 | |
| 2 | 0537754 | 205377545 | 第二借阅区/ [索取号:K811/37] | 在馆 | |
| 3 | 0537755 | 205377554 | 第二借阅区/ [索取号:K811/37] | 在馆 | |
| 4 | 0537756 | 205377563 | 第二借阅区/ [索取号:K811/37] | 在馆 | |
| 5 | 0537757 | 205377572 | 第二借阅区/ [索取号:K811/37] | 在馆 |